Cultural representations (Record no. 142882)

MARC details
000 -LEADER
fixed length control field 00589nam a2200217Ia 4500
008 - FIXED-LENGTH DATA ELEMENTS--GENERAL INFORMATION
fixed length control field 191130s1997##################000#0#eng##
020 ## - INTERNATIONAL STANDARD BOOK NUMBER
ISBN 9783631321188
082 ## - DEWEY DECIMAL CLASSIFICATION NUMBER
Classification number 401.41 SHI
100 ## - MAIN ENTRY--AUTHOR NAME
Personal name Shi-xu
245 ## - TITLE STATEMENT
Title Cultural representations
Statement of responsibility, etc Shi-xu
260 ## - PUBLICATION, DISTRIBUTION, ETC. (IMPRINT)
Place of publication Frankfurt am Main
Name of publisher P. Lang
Year of publication c1997
300 ## - PHYSICAL DESCRIPTION
Number of Pages 271 p. ; 21 cm
500 ## - GENERAL NOTE
General note includes index
650 ## - SUBJECT ADDED ENTRY--TOPICAL TERM
Topical Term Cultural relations
Topical Term Discourse analysis--Psychological aspects
991 ## -
-- 438615
Holdings
Withdrawn status Lost status Damaged status Not for loan Home library Current library Shelving location Date acquired Full call number Accession Number Price effective from Koha item type
        Anna Centenary Library Anna Centenary Library 4TH FLOOR, B WING 12.10.2020 401.41 SHI 222870 12.10.2020 English Books

Find us on the map